000 00149nam a22000857a 4500
082 _a526.9SHA
100 _aShahane
245 _aSurveying
942 _cBK
999 _c16809
_d16809